[Event "7. Lovfalds EMT Mesterklassen 1993"]
[Site "Ringsted"]
[Date "1993.09.24"]
[Round "5"]
[White "Arnkilde, Anders"]
[Black "Carstensen, Jacob"]
[Result "0-1"]
[WhiteElo "1992"]
[BlackElo "1949"]
[PlyCount "75"]
[EventDate "1993.??.??"]

1. e4 c5 2. Nf3 d6 3. d4 cxd4 4. Nxd4 Nf6 5. Nc3 a6 6. Bc4 e6 7. Bg5 Be7 8. Qd2
b5 9. Bd3 Bb7 10. f3 Nbd7 11. O-O O-O 12. a4 b4 13. Nce2 Qb6 14. Be3 Nc5 15. a5
Qc7 16. Qxb4 d5 17. Qc3 e5 18. b4 exd4 19. Bxd4 Ne6 20. exd5 Qxc3 21. Bxc3 Nxd5
22. Rfb1 Nxc3 23. Nxc3 Bf6 24. Ra3 Rac8 25. Ne4 Bd4+ 26. Kf1 Rfd8 27. g3 g6 28.
Nd2 Ng5 29. h4 Be3 30. hxg5 Bxd2 31. f4 Re8 32. Rab3 Bd5 33. Bxa6 Bxb3 34. Rxb3
Rxc2 35. Bd3 Rc3 36. Rxc3 Bxc3 37. a6 Bxb4 38. Bb5 0-1

[Event "7. Lovfalds EMT Mesterklassen 1993"]
[Site "Ringsted"]
[Date "1993.09.24"]
[Round "5"]
[White "Rasmussen, Per Arnt"]
[Black "Nielsen, Max"]
[Result "1-0"]
[WhiteElo "2022"]
[BlackElo "2145"]
[PlyCount "57"]
[EventDate "1993.??.??"]

1. e4 e5 2. Nf3 Nc6 3. Bc4 Nf6 4. Ng5 d5 5. exd5 Nd4 6. c3 b5 7. Bf1 Nxd5 8.
Ne4 Qh4 9. Ng3 Bg4 10. f3 e4 11. cxd4 Bd6 12. Bxb5+ Kd8 13. O-O exf3 14. Rxf3
Rb8 15. a4 a6 16. Bf1 f5 17. Nc3 Nf6 18. d3 Re8 19. Qd2 Bxf3 20. gxf3 f4 21.
Nge4 Nxe4 22. dxe4 g5 23. e5 Bb4 24. Qf2 Qh5 25. Ne4 Be7 26. Bc4 g4 27. Bxf4
gxf3 28. b3 Qg6+ 29. Ng3 1-0

[Event "7. Lovfalds EMT Mesterklassen 1993"]
[Site "Ringsted"]
[Date "1993.09.24"]
[Round "5"]
[White "Larsen, Soren Dyberg"]
[Black "Knudsen, Ole"]
[Result "1-0"]
[WhiteElo "1921"]
[BlackElo "1969"]
[PlyCount "91"]
[EventDate "1993.??.??"]

1. e4 c5 2. Nc3 Nc6 3. g3 g6 4. Bg2 Bg7 5. d3 e6 6. Nge2 Nge7 7. Be3 Nd4 8. O-O
Qa5 9. Qc1 b5 10. Bd2 Nec6 11. Re1 b4 12. Nxd4 Nxd4 13. Nd1 O-O 14. c3 Nc6 15.
Bh6 Ba6 16. Bxg7 Kxg7 17. Qd2 bxc3 18. bxc3 Rab8 19. Ne3 h5 20. g4 Rh8 21. gxh5
Rxh5 22. Ng4 Rbh8 23. e5 Nd4 24. Qb2 Nf5 25. Nf6 Rxh2 26. Ne8+ Kf8 27. Nf6
Rxg2+ 28. Kxg2 Nh4+ 29. Kg3 Nf5+ 30. Kg2 Qc7 31. Rad1 Bb7+ 32. Ne4 Nh4+ 33. Kf1
Nf3 34. Re3 Nxe5 35. Rb1 Rh1+ 36. Ke2 Rxb1 37. Qxb1 Ba6 38. Qh1 c4 39. Qh8+ Ke7
40. Qh4+ Kf8 41. Qh8+ Ke7 42. Qf6+ Ke8 43. d4 Nd3 44. Rf3 d5 45. Qh8+ Ke7 46.
Rxf7+ 1-0